| 000 | 00000nam##2200000za#4500 |
| 001 | 9.570738 |
| 003 | CaOODSP |
| 005 | 20210624182403 |
| 007 | cr ||||||||||| |
| 008 | 150406|2007||||xxc|||||o f|0| 0 eng|d |
| 022 | |a1919-5087 |
| 040 | |aCaOODSP|beng |
| 043 | |an-cn--- |
| 086 | 1 |aFs70-6/2007-017E-PDF |
| 110 | 1 |aCanada. |bDepartment of Fisheries and Oceans. |bQuebec Region. |
| 245 | 10|aAssessment of the Estuary and northern Gulf of St. Lawrence (areas 13 to 17 and 12A, 12B and 12C) snow crab stocks in 2006 |h[electronic resource] |
| 260 | |aMont-Joli - Quebec : |bFisheries and Oceans Canada. |cJune 2007. |
| 300 | |a22p.|bgraphs, illus., map, references |
| 490 | 1 |aCanadian Science Advisory Secretariat science advisory report |x1919-5087|v2007/017, Quebec Region |
| 590 | |a11-20-Supp|b2011-09-29 |
| 775 | 08|tÉvaluation des stocks de crabe des neiges de l'estuaire et du nord du golfe du Saint-Laurent (zones 13 à 17 et 12A, 12B et 12C) en 2006 |w(CaOODSP)9.601386 |
| 830 | #0|aScience advisory report (Canadian Science Advisory Secretariat)|x1919-5087|v2007/017, Quebec Region|w(CaOODSP)9.506226 |
| 856 | 40|ahttp://publications.gc.ca|qPDF|s288 KB|uhttps://publications.gc.ca/collections/collection_2011/mpo-dfo/Fs70-6-2007-017-eng.pdf|y2007/017, Quebec Region |